| 000 | 00751cab a22002055a 4500 | ||
|---|---|---|---|
| 001 | L153626 | ||
| 008 | 110811e20110806xxk 000 0 eng d | ||
| 035 | _a(Sirsi) u153626 | ||
| 041 | 0 | _aeng | |
| 100 | 1 | _aEllard, Richard | |
| 245 | 0 | 0 | _aRescue operation |
| 260 | _c2011 | ||
| 490 |
_aEstates Gazette _v(1131) 6 August 2011, 49(3) |
||
| 520 | _aConsiders what options are available to landlords when tenants are unable to meet rent obligations. Focuses on the situation faces by landlords with the failure of care home provider Southern Cross being unable to meet its rental obligations for it 752 care homes. | ||
| 590 | _aKA | ||
| 651 | 4 | _aUNITED KINGDOM | |
| 690 | _aPROPERTY-COMMERCIAL PROPERTY | ||
| 700 | 1 | _aEaston, Sarah | |
| 942 | _n0 | ||
| 999 |
_c83342 _d83342 |
||